00554 2200229 4500001002100000005001500021035002000036008004100056245005800097260003300155300002600188020001800214082000800232650001000240084001400250990001000264990001000274990001000284990001000294990001000304990001000314INLIS00000000000000720231121103546 a0010-1123000007231121 0 ind  aIkhwal Tubuh Kita Anda Menanyakannya? /cAspar, S.Pd. aBandung :bPakar Raya,c2006 a66 hlm; ilus ;c23 cm a979-460-351-3 a813 4aFiksi a813 ASP i a1.051 a1.052 a1.053 a1.054 a1.055 a2.642